000
00331nam a22001457a 4500
008
230612b ||||| |||| 00| 0 eng d
020
_a
9780132558921
041
_a
eng
080
_2
SEVENTH EDITION
_a
621
082
_a
621MOT
100
_a
19
101
_a
MIM
245
_a
APPLIED FLUID MECHANICS
_c
MOTT.L.R
942
_2
udc
_c
BK
999
_c
59933
_d
59933